बिखरे तिनके / (Record no. 117293)

MARC details
000 -LEADER
fixed length control field 00988nam a22002777a 4500
003 - CONTROL NUMBER IDENTIFIER
control field dpl
005 - DATE AND TIME OF LATEST TRANSACTION
control field 20180830160516.0
008 - FIXED-LENGTH DATA ELEMENTS--GENERAL INFORMATION
fixed length control field 180830b xxu||||| |||| 00| 0 eng d
010 ## - LIBRARY OF CONGRESS CONTROL NUMBER
LC control number A-396195
020 ## - INTERNATIONAL STANDARD BOOK NUMBER
Terms of availability 30.00
035 ## - SYSTEM CONTROL NUMBER
System control number A-396195, B-100793
037 ## - SOURCE OF ACQUISITION
Source of stock number/acquisition Cen Lib/Ret
040 ## - CATALOGING SOURCE
Original cataloging agency DPL
Language of cataloging HN
Transcribing agency 0
082 ## - DEWEY DECIMAL CLASSIFICATION NUMBER
Classification number
Item number नागर
100 ## - MAIN ENTRY--PERSONAL NAME
Personal name नागर, अमृतलाल
9 (RLIN) 71205
245 ## - TITLE STATEMENT
Title बिखरे तिनके /
Statement of responsibility, etc अमृतलाल नागर
246 ## - VARYING FORM OF TITLE
Title proper/short title Bikhare tinke /
Remainder of title by Amritlal Nagar
260 ## - PUBLICATION, DISTRIBUTION, ETC. (IMPRINT)
Place of publication, distribution, etc दिल्ली
Name of publisher, distributor, etc राजपाल एंड संस
Date of publication, distribution, etc 1986
270 ## - ADDRESS
City दिल्ली
Address कश्मीरी गेट
Postal code 110006
300 ## - PHYSICAL DESCRIPTION
Extent 108पृ.
Dimensions 21सेमी(सजिल्द )
650 ## - SUBJECT ADDED ENTRY--TOPICAL TERM
Topical term or geographic name as entry element हिन्दी साहित्य
General subdivision
Geographic subdivision
9 (RLIN) 71206
650 ## - SUBJECT ADDED ENTRY--TOPICAL TERM
Topical term or geographic name as entry element उपन्यास
9 (RLIN) 71207
650 ## - SUBJECT ADDED ENTRY--TOPICAL TERM
Topical term or geographic name as entry element Hindi literature
9 (RLIN) 71208
650 ## - SUBJECT ADDED ENTRY--TOPICAL TERM
Topical term or geographic name as entry element Fiction
9 (RLIN) 8901
942 ## - ADDED ENTRY ELEMENTS (KOHA)
Source of classification or shelving scheme Dewey Decimal Classification
Koha item type Hindi Books
Classification part
Call number suffix नागर
Holdings
Withdrawn status Lost status Damaged status Not for loan Home library Current library Date acquired Source of acquisition Cost, normal purchase price Total Checkouts Full call number Barcode Date last seen Copy number Cost, replacement price Price effective from Koha item type Source of classification or shelving scheme Collection code Date checked out
        Central Library Central Library 27/08/2015 Cen Lib/Ret 30.00   उ नागर A-396195 27/08/2015 1 30.00 27/08/2015 Hindi Books      
        Shahdara Branch Shahdara Branch 30/08/2018 BPPD/PUB 0.00 1 उ नागर B-100793 27/03/2023   0.00 30/08/2018 Hindi Books Dewey Decimal Classification Fiction 14/03/2023

© Delhi Public Library
Hit Counter
free hit counter